[Event "EYCC 2017"]
[Site "Mamaia"]
[Date "2017.09.06"]
[Round "2"]
[White "Rogozenco, Teodora"]
[Black "Kanakova, Natalie"]
[Result "1-0"]
[WhiteElo "2024"]
[BlackElo "2186"]
[Annotator "NA"]
[PlyCount "83"]
[EventDate "2017.??.??"]
[EventType "swiss"]
[EventCountry "ROU"]
[SourceTitle "playchess.com"]
[Source "ChessBase"]
[SourceQuality "1"]
[TimeControl "40/5400+30:1800+30"]

1. d4 {[%emt 0:00:00]} Nf6 {[%emt 0:00:06]} 2. c4 {[%emt 0:00:00]} e6 {[%emt 0:00:04]} 3. Nc3 {[%emt 0:00:00]} Bb4 {[%emt 0:00:06]} 4. Qc2 {[%emt 0:00:00]} d5 {[%emt 0:00:20]} 5. cxd5 {[%emt 0:01:01]} Qxd5 {[%emt 0:00:21]} 6. a3 {[%emt 0:01:20]} Bxc3+ {[%emt 0:01:48]} 7. bxc3 {[%emt 0:00:06]} c5 {[%emt 0:01:33]} 8. e3 {[%emt 0:00:10]} O-O {[%emt 0:06:32]} 9. Nf3 {[%emt 0:00:22]} b6 {[%emt 0:02:56]} 10. c4 {[%emt 0:00:47]} Qc6 {[%emt 0:03:59]} 11. Bd3 {[%emt 0:14:01]} cxd4 {[%emt 0:17:44]} 12. exd4 {[%emt 0:00:08]} Bb7 {[%emt 0:02:40]} 13. O-O {[%emt 0:00:31]} Qc7 {[%emt 0:01:25]} 14. Qe2 {[%emt 0:09:07]} Nc6 {[%emt 0:07:37]} 15. Bg5 {[%emt 0:04:55]} Qe7 {[%emt 0:08:08]} 16. Rfe1 {[%emt 0:00:49]} Rfe8 {[%emt 0:05:12]} 17. Rad1 {[%emt 0:06:57]} Rad8 {[%emt 0:04:16]} 18. Bb1 {[%emt 0:01:10]} h6 {[%emt 0:02:33]} 19. Bh4 {[%emt 0:04:34]} g5 {[%emt 0:15:46]} 20. Bg3 {[%emt 0:00:49]} g4 {[%emt 0:00:25]} 21. Bh4 {[%emt 0:00:29]} gxf3 {[%emt 0:03:27]} 22. Qxf3 {[%emt 0:00:34]} Nxd4 {[%emt 0:00:30]} 23. Qxf6 {[%emt 0:01:17]} Ne2+ {[%emt 0:05:29]} 24. Kf1 {[%emt 0:00:22]} Qxf6 {[%emt 0:00:04]} 25. Bxf6 {[%emt 0:00:14]} Rxd1 {[%emt 0:00:05]} 26. Rxd1 {[%emt 0:00:12]} Nf4 {[%emt 0:00:06]} 27. f3 {[%emt 0:10:23]} Ba6 {[%emt 0:01:02]} 28. Rd4 {[%emt 0:13:14]} Nd5 {[%emt 0:03:10]} 29. Be5 {[%emt 0:08:45]} Ne3+ {[%emt 0:04:59]} 30. Kf2 {[%emt 0:01:10]} Nxc4 {[%emt 0:00:33]} 31. Bf6 {[%emt 0:05:54]} Rc8 {[%emt 0:01:03]} 32. Bd3 {[%emt 0:04:03]} b5 {[%emt 0:01:00]} 33. Rd7 {[%emt 0:00:05]} Rb8 {[%emt 0:01:09]} 34. Rxa7 {[%emt 0:05:01]} Bc8 {[%emt 0:00:04]} 35. a4 {[%emt 0:00:53]} Nb6 {[%emt 0:01:13]} 36. axb5 {[%emt 0:03:11]} Nd7 {[%emt 0:00:25]} 37. Bd4 {[%emt 0:02:35]} Kf8 {[%emt 0:00:05]} 38. Be4 {[%emt 0:02:58]} e5 {[%emt 0:00:51]} 39. Bc3 {[%emt 0:00:36]} Ke8 {[%emt 0:00:38]} 40. Bc6 {[%emt 0:00:00]} Kd8 {[%emt 0:00:28]} 41. Ba5+ {[%emt 0:04:39]} Ke7 {[%emt 0:09:00]} 42. Bc7 {[%emt 0:01:03]} 1-0

[Event "EYCC 2017"]
[Site "Mamaia"]
[Date "2017.09.06"]
[Round "2"]
[White "Miroshnik, Ekaterina"]
[Black "Kvendseth, Thyra"]
[Result "1/2-1/2"]
[WhiteElo "2006"]
[BlackElo "1810"]
[Annotator "NA"]
[PlyCount "198"]
[EventDate "2017.??.??"]
[EventType "swiss"]
[EventCountry "ROU"]
[SourceTitle "playchess.com"]
[Source "ChessBase"]
[SourceQuality "1"]
[TimeControl "40/5400+30:1800+30"]

1. d4 {[%emt 0:00:00]} Nf6 {[%emt 0:00:06]} 2. c4 {[%emt 0:00:00]} g6 {[%emt 0:00:06]} 3. Nf3 {[%emt 0:00:00]} Bg7 {[%emt 0:00:10]} 4. g3 {[%emt 0:00:00]} O-O {[%emt 0:00:09]} 5. Bg2 {[%emt 0:00:00]} d6 {[%emt 0:00:05]} 6. O-O {[%emt 0:00:00]} Nbd7 {[%emt 0:00:04]} 7. Nc3 {[%emt 0:00:29]} e5 {[%emt 0:00:13]} 8. e4 {[%emt 0:00:19]} Re8 {[%emt 0:00:06]} 9. Re1 {[%emt 0:01:00]} exd4 {[%emt 0:02:12]} 10. Nxd4 {[%emt 0:00:04]} c6 {[%emt 0:01:50]} 11. h3 {[%emt 0:01:39]} Nc5 {[%emt 0:02:09]} 12. b3 {[%emt 0:01:38]} Qc7 {[%emt 0:04:02]} 13. Bb2 {[%emt 0:05:08]} Bd7 {[%emt 0:05:40]} 14. Qd2 {[%emt 0:08:45]} Rad8 {[%emt 0:00:32]} 15. Rad1 {[%emt 0:00:38]} Bc8 {[%emt 0:00:25]} 16. Qc2 {[%emt 0:00:44]} a6 {[%emt 0:06:32]} 17. Kh2 {[%emt 0:02:32]} Re7 {[%emt 0:09:18]} 18. f4 {[%emt 0:16:15]} Rde8 {[%emt 0:02:50]} 19. b4 {[%emt 0:02:40]} Ne6 {[%emt 0:13:56]} 20. Nf3 {[%emt 0:18:27]} Nf8 {[%emt 0:07:00]} 21. Nd2 {[%emt 0:03:27]} Nh5 {[%emt 0:04:28]} 22. Na4 Nf6 23. c5 {[%emt 0:09:58]} dxc5 {[%emt 0:04:10]} 24. Be5 {[%emt 0:06:14]} Rxe5 {[%emt 0:11:55]} 25. fxe5 {[%emt 0:00:18]} Rxe5 {[%emt 0:00:23]} 26. Nxc5 {[%emt 0:01:10]} Rg5 {[%emt 0:05:49]} 27. e5 {[%emt 0:04:54]} Nh5 {[%emt 0:01:46]} 28. Nf3 {[%emt 0:08:22]} Rxg3 {[%emt 0:01:08]} 29. Ne4 {[%emt 0:03:23]} Bf5 {[%emt 0:01:10]} 30. Qd2 {[%emt 0:01:20]} Bxe4 {[%emt 0:01:43]} 31. Rxe4 {[%emt 0:00:06]} Ne6 {[%emt 0:00:58]} 32. Qe1 {[%emt 0:03:30]} Ng5 {[%emt 0:02:04]} 33. Re3 {[%emt 0:01:57]} Nxf3+ {[%emt 0:01:12]} 34. Bxf3 {[%emt 0:00:12]} Bxe5 {[%emt 0:02:28]} 35. Rxe5 {[%emt 0:00:14]} Rxf3 {[%emt 0:00:07]} 36. Kg1 {[%emt 0:01:53]} Rg3+ {[%emt 0:00:50]} 37. Kf1 {[%emt 0:00:41]} Rxh3 {[%emt 0:01:22]} 38. Kg1 {[%emt 0:00:28]} Qb6+ {[%emt 0:01:39]} 39. Rc5 {[%emt 0:00:04]} Rg3+ {[%emt 0:00:34]} 40. Kf1 {[%emt 0:00:00]} Qc7 {[%emt 0:01:59]} 41. Qe8+ {[%emt 0:07:47]} Kg7 {[%emt 0:00:08]} 42. Qe5+ {[%emt 0:00:15]} Qxe5 {[%emt 0:00:15]} 43. Rxe5 {[%emt 0:00:01]} Kf6 {[%emt 0:03:36]} 44. Re8 {[%emt 0:00:56]} Ra3 {[%emt 0:03:48]} 45. Rd2 {[%emt 0:00:32]} a5 {[%emt 0:01:36]} 46. Rf2+ {[%emt 0:01:16]} Kg7 {[%emt 0:00:33]} 47. bxa5 {[%emt 0:01:01]} Rxa5 {[%emt 0:04:14]} 48. Re7 {[%emt 0:00:10]} Ng3+ {[%emt 0:00:11]} 49. Kg2 {[%emt 0:00:58]} Nf5 {[%emt 0:01:15]} 50. Rxb7 {[%emt 0:00:12]} Ne3+ {[%emt 0:00:28]} 51. Kh1 {[%emt 0:03:53]} Nf5 {[%emt 0:02:07]} 52. Kg2 {[%emt 0:00:44]} h5 {[%emt 0:00:39]} 53. Rc7 {[%emt 0:01:18]} c5 {[%emt 0:00:22]} 54. Kh2 {[%emt 0:00:48]} Nd6 {[%emt 0:00:39]} 55. Rc2 {[%emt 0:03:41]} Ne4 {[%emt 0:00:45]} 56. Re2 {[%emt 0:02:44]} Ra4 {[%emt 0:02:42]} 57. Re7 {[%emt 0:00:19]} Nc3 {[%emt 0:00:17]} 58. Rf2 {[%emt 0:00:18]} Rxa2 {[%emt 0:00:50]} 59. Rexf7+ {[%emt 0:00:13]} Kg8 {[%emt 0:00:16]} 60. Rf8+ {[%emt 0:00:04]} Kg7 {[%emt 0:00:19]} 61. R8f7+ {[%emt 0:00:07]} Kh6 {[%emt 0:00:18]} 62. Rxa2 {[%emt 0:00:26]} Nxa2 {[%emt 0:00:06]} 63. Rc7 {[%emt 0:00:03]} Nc3 {[%emt 0:00:11]} 64. Rxc5 {[%emt 0:00:05]} Ne4 {[%emt 0:00:31]} 65. Ra5 {[%emt 0:00:06]} Nd6 {[%emt 0:00:25]} 66. Kh3 {[%emt 0:00:15]} Nf5 {[%emt 0:00:09]} 67. Rb5 {[%emt 0:00:25]} Ne7 {[%emt 0:03:10]} 68. Rb6 {[%emt 0:00:28]} Kg7 {[%emt 0:00:36]} 69. Kh4 {[%emt 0:00:15]} Kh6 {[%emt 0:00:29]} 70. Kh3 {[%emt 0:00:09]} Kg5 {[%emt 0:00:11]} 71. Rb5+ {[%emt 0:00:06]} Nf5 {[%emt 0:00:06]} 72. Ra5 {[%emt 0:00:05]} h4 {[%emt 0:02:46]} 73. Rb5 {[%emt 0:00:24]} Kf4 {[%emt 0:03:07]} 74. Rb4+ {[%emt 0:00:18]} Kf3 {[%emt 0:01:01]} 75. Rg4 {[%emt 0:01:46]} Ne7 {[%emt 0:02:38]} 76. Kxh4 {[%emt 0:00:21]} Ke3 {[%emt 0:03:40]} 77. Ra4 {[%emt 0:01:12]} Nc6 {[%emt 0:02:18]} 78. Kg5 {[%emt 0:00:39]} Ne7 {[%emt 0:00:38]} 79. Kf6 {[%emt 0:00:19]} Nf5 {[%emt 0:00:25]} 80. Kxg6 {[%emt 0:00:55]} Nd4 {[%emt 0:00:07]} 81. Kg5 {[%emt 0:00:13]} Ke4 {[%emt 0:00:13]} 82. Kg4 {[%emt 0:00:46]} Ke5 {[%emt 0:00:20]} 83. Ra5+ {[%emt 0:00:17]} Ke4 {[%emt 0:00:06]} 84. Ra8 {[%emt 0:00:04]} Nc6 {[%emt 0:00:15]} 85. Kg3 {[%emt 0:00:33]} Ne5 {[%emt 0:01:47]} 86. Ra4+ {[%emt 0:01:11]} Kd5 {[%emt 0:00:20]} 87. Kf4 {[%emt 0:00:15]} Nc6 {[%emt 0:00:16]} 88. Ke3 {[%emt 0:00:22]} Ke5 {[%emt 0:00:38]} 89. Rc4 {[%emt 0:00:19]} Kd5 {[%emt 0:00:09]} 90. Ra4 {[%emt 0:00:07]} Ke5 {[%emt 0:00:05]} 91. Rh4 {[%emt 0:00:05]} Kd5 {[%emt 0:03:50]} 92. Rh5+ {[%emt 0:00:16]} Kd6 {[%emt 0:01:12]} 93. Ke4 {[%emt 0:00:11]} Ne7 {[%emt 0:00:26]} 94. Rg5 {[%emt 0:00:43]} Ke6 {[%emt 0:01:05]} 95. Ra5 {[%emt 0:00:21]} Kd6 {[%emt 0:00:21]} 96. Re5 {[%emt 0:00:53]} Nc6 {[%emt 0:00:42]} 97. Rh5 {[%emt 0:01:18]} Ne7 {[%emt 0:00:20]} 98. Rh6+ {[%emt 0:00:49]} Kc5 {[%emt 0:00:10]} 99. Re6 {[%emt 0:00:04]} Nc6 {[%emt 0:00:20]} 1/2-1/2

[Event "EYCC 2017"]
[Site "Mamaia"]
[Date "2017.09.06"]
[Round "2"]
[White "Pingin, Artem"]
[Black "Filip, Andrei"]
[Result "0-1"]
[WhiteElo "1996"]
[BlackElo "1612"]
[Annotator "NA"]
[PlyCount "40"]
[EventDate "2017.??.??"]
[EventType "swiss"]
[EventCountry "ROU"]
[SourceTitle "playchess.com"]
[Source "ChessBase"]
[SourceQuality "1"]
[TimeControl "40/5400+30:1800+30"]

1. e4 e6 2. d4 d5 3. Nc3 Nf6 4. e5 Nfd7 5. Qg4 c5 6. Nf3 Nc6 7. Bf4 a6 8. O-O-O b5 9. dxc5 Nxc5 10. Be3 b4 11. Bxc5 bxc3 12. Bd6 cxb2+ 13. Kb1 Qa5 14. Nd4 Qa4 15. Be2 h5 16. Qh4 g5 17. Qxg5 Nxd4 18. Bd3 Nb5 19. Bxb5+ axb5 20. Rd3 Qxa2# 0-1

[Event "EYCC 2017"]
[Site "Mamaia"]
[Date "2017.09.06"]
[Round "2"]
[White "Mekhane, Adam"]
[Black "Milanovic, Marko"]
[Result "0-1"]
[WhiteElo "1974"]
[BlackElo "1594"]
[Annotator "NA"]
[PlyCount "118"]
[EventDate "2017.??.??"]
[EventType "swiss"]
[EventCountry "ROU"]
[SourceTitle "playchess.com"]
[Source "ChessBase"]
[SourceQuality "1"]
[TimeControl "40/5400+30:1800+30"]

1. e4 {[%emt 0:00:02]} e5 {[%emt 0:00:10]} 2. Nf3 {[%emt 0:00:04]} Nc6 {[%emt 0:00:06]} 3. Bb5 {[%emt 0:00:15]} a6 {[%emt 0:00:17]} 4. Ba4 {[%emt 0:00:04]} Nf6 {[%emt 0:00:22]} 5. O-O {[%emt 0:00:56]} Be7 {[%emt 0:00:31]} 6. Re1 {[%emt 0:00:09]} b5 {[%emt 0:00:41]} 7. Bb3 {[%emt 0:00:06]} O-O {[%emt 0:00:46]} 8. c3 {[%emt 0:00:18]} d6 {[%emt 0:00:51]} 9. h3 {[%emt 0:00:32]} Na5 {[%emt 0:01:31]} 10. Bc2 {[%emt 0:00:07]} c5 {[%emt 0:00:39]} 11. d4 {[%emt 0:00:15]} Qc7 {[%emt 0:00:26]} 12. Nbd2 {[%emt 0:00:48]} cxd4 {[%emt 0:01:35]} 13. cxd4 {[%emt 0:00:06]} Nc6 {[%emt 0:00:56]} 14. d5 {[%emt 0:01:57]} Nb4 {[%emt 0:03:10]} 15. Bb1 {[%emt 0:00:22]} a5 {[%emt 0:01:34]} 16. Nf1 {[%emt 0:08:24]} Bd7 {[%emt 0:06:05]} 17. a3 {[%emt 0:02:47]} Na6 {[%emt 0:00:31]} 18. Ng3 {[%emt 0:03:18]} Nc5 {[%emt 0:02:58]} 19. Be3 {[%emt 0:07:38]} Rfc8 {[%emt 0:10:26]} 20. Bxc5 {[%emt 0:04:20]} Qxc5 {[%emt 0:00:32]} 21. Qd2 {[%emt 0:06:17]} Qb6 {[%emt 0:06:55]} 22. Bd3 {[%emt 0:09:36]} Rc7 {[%emt 0:07:02]} 23. h4 {[%emt 0:04:30]} Rac8 {[%emt 0:09:43]} 24. h5 {[%emt 0:00:53]} Bg4 {[%emt 0:07:43]} 25. h6 {[%emt 0:08:30]} Bxf3 {[%emt 0:03:13]} 26. gxf3 {[%emt 0:00:32]} g6 {[%emt 0:00:23]} 27. f4 {[%emt 0:04:39]} Ng4 {[%emt 0:06:06]} 28. Rad1 {[%emt 0:06:36]} Bf8 {[%emt 0:07:27]} 29. Qe2 {[%emt 0:03:28]} Nf6 {[%emt 0:02:49]} 30. fxe5 {[%emt 0:02:06]} dxe5 {[%emt 0:00:11]} 31. Qd2 {[%emt 0:07:33]} Ng4 {[%emt 0:02:22]} 32. Qe2 {[%emt 0:01:22]} Nxf2 {[%emt 0:02:41]} 33. Kg2 {[%emt 0:01:44]} Nxd1 {[%emt 0:00:42]} 34. Rxd1 {[%emt 0:00:27]} Rc1 {[%emt 0:00:59]} 35. Qe1 {[%emt 0:01:50]} Bxh6 {[%emt 0:01:03]} 36. Ne2 {[%emt 0:00:28]} Rxd1 {[%emt 0:00:21]} 37. Qxd1 {[%emt 0:00:01]} Qe3 {[%emt 0:00:29]} 38. d6 {[%emt 0:00:19]} Rd8 {[%emt 0:00:29]} 39. Bxb5 {[%emt 0:05:32]} Qxe4+ {[%emt 0:00:13]} 40. Kg3 {[%emt 0:00:00]} Qe3+ {[%emt 0:01:22]} 41. Kg2 {[%emt 0:01:21]} Qe4+ {[%emt 0:00:57]} 42. Kg3 {[%emt 0:00:16]} Bf4+ {[%emt 0:00:35]} 43. Nxf4 {[%emt 0:04:06]} exf4+ {[%emt 0:00:20]} 44. Kf2 {[%emt 0:02:04]} Qe3+ {[%emt 0:00:08]} 45. Kf1 {[%emt 0:00:31]} f3 {[%emt 0:00:23]} 46. d7 {[%emt 0:00:47]} f2 {[%emt 0:01:24]} 47. Qc2 {[%emt 0:07:50]} Qe1+ {[%emt 0:00:44]} 48. Kg2 {[%emt 0:00:02]} Qg1+ {[%emt 0:00:22]} 49. Kf3 {[%emt 0:00:02]} f1=Q+ {[%emt 0:00:24]} 50. Bxf1 {[%emt 0:00:05]} Qxf1+ 51. Ke3 {[%emt 0:00:27]} Qe1+ {[%emt 0:00:25]} 52. Kf3 {[%emt 0:00:22]} Qe5 {[%emt 0:00:22]} 53. Qc6 {[%emt 0:01:51]} Qf5+ {[%emt 0:00:19]} 54. Kg2 {[%emt 0:00:12]} Qxd7 55. Qb6 {[%emt 0:00:47]} Qd5+ {[%emt 0:00:25]} 56. Kh3 {[%emt 0:00:14]} Qf3+ {[%emt 0:00:07]} 57. Kh4 {[%emt 0:00:38]} g5+ {[%emt 0:00:12]} 58. Kxg5 {[%emt 0:00:19]} Rd5+ {[%emt 0:00:04]} 59. Kh6 {[%emt 0:00:23]} Qh5# {[%emt 0:00:04]} 0-1

[Event "EYCC 2017"]
[Site "Mamaia"]
[Date "2017.09.06"]
[Round "2"]
[White "Garifullina, Leya"]
[Black "Aubert, Estee"]
[Result "1-0"]
[WhiteElo "1970"]
[BlackElo "1800"]
[Annotator "NA"]
[PlyCount "97"]
[EventDate "2017.??.??"]
[EventType "swiss"]
[EventCountry "ROU"]
[SourceTitle "playchess.com"]
[Source "ChessBase"]
[SourceQuality "1"]
[TimeControl "40/5400+30:1800+30"]

1. e4 {[%emt 0:00:53]} c5 {[%emt 0:00:05]} 2. Nf3 {[%emt 0:00:34]} e6 {[%emt 0:00:04]} 3. d4 {[%emt 0:00:16]} cxd4 {[%emt 0:00:08]} 4. Nxd4 {[%emt 0:00:15]} Nf6 {[%emt 0:00:05]} 5. Nc3 {[%emt 0:01:01]} Nc6 {[%emt 0:00:05]} 6. Nxc6 {[%emt 0:00:41]} bxc6 {[%emt 0:00:06]} 7. e5 {[%emt 0:00:26]} Nd5 $11 {[%emt 0:00:04]} 8. Ne4 {[%emt 0:01:00]} Qc7 {[%emt 0:00:56]} 9. f4 {[%emt 0:00:26]} Qb6 {[%emt 0:01:27]} 10. c4 {[%emt 0:00:31]} Bb4+ {[%emt 0:00:38]} 11. Ke2 {[%emt 0:00:41]} Ba6 {[%emt 0:00:18]} 12. Kf3 {[%emt 0:00:30]} f5 {[%emt 0:01:33]} 13. exf6 {[%emt 0:01:00]} Nxf6 {[%emt 0:00:07]} 14. c5 {[%emt 0:00:39]} Qa5 {[%emt 0:15:43]} 15. Nxf6+ {[%emt 0:02:56]} gxf6 {[%emt 0:00:10]} 16. Bxa6 {[%emt 0:00:23]} Qxa6 {[%emt 0:00:12]} 17. Qd4 {[%emt 0:00:25]} Qb5 {[%emt 0:01:34]} 18. Be3 {[%emt 0:00:52]} Rf8 {[%emt 0:04:14]} 19. Rhd1 {[%emt 0:04:31]} O-O-O {[%emt 0:01:33]} 20. a3 {[%emt 0:03:34]} Ba5 {[%emt 0:00:08]} 21. b4 {[%emt 0:00:48]} Bc7 {[%emt 0:00:29]} 22. a4 {[%emt 0:00:47]} Qb7 {[%emt 0:02:33]} 23. Qc4 {[%emt 0:02:26]} e5 {[%emt 0:02:30]} 24. f5 {[%emt 0:13:24]} Rde8 {[%emt 0:04:46]} 25. Qe4 {[%emt 0:03:09]} Re7 {[%emt 0:04:42]} 26. b5 {[%emt 0:02:06]} Bb8 {[%emt 0:04:00]} 27. Ra2 {[%emt 0:05:02]} Rg8 {[%emt 0:00:46]} 28. Rad2 {[%emt 0:01:41]} h5 {[%emt 0:07:43]} 29. Rxd7 {[%emt 0:05:23]} Rxd7 {[%emt 0:00:18]} 30. bxc6 {[%emt 0:00:06]} Rxd1 {[%emt 0:02:27]} 31. cxb7+ {[%emt 0:00:06]} Kc7 {[%emt 0:00:14]} 32. Qc4 {[%emt 0:04:57]} Rf8 {[%emt 0:01:47]} 33. Bh6 {[%emt 0:01:28]} Rfd8 {[%emt 0:00:43]} 34. Qf7+ {[%emt 0:00:27]} R8d7 {[%emt 0:00:18]} 35. Qxf6 {[%emt 0:00:34]} R1d3+ {[%emt 0:04:08]} 36. Ke2 {[%emt 0:00:36]} R3d5 {[%emt 0:00:09]} 37. Be3 {[%emt 0:01:17]} Rd8 {[%emt 0:00:38]} 38. Qf7+ {[%emt 0:02:23]} R8d7 {[%emt 0:00:05]} 39. Qe6 {[%emt 0:00:06]} Rd8 {[%emt 0:01:12]} 40. f6 {[%emt 0:00:00]} Kxb7 {[%emt 0:05:06]} 41. f7 {[%emt 0:04:36]} Bc7 {[%emt 0:00:30]} 42. Qe7 {[%emt 0:00:50]} R5d7 {[%emt 0:00:15]} 43. f8=Q {[%emt 0:00:11]} Rxf8 {[%emt 0:01:59]} 44. Qxd7 {[%emt 0:00:19]} Rd8 {[%emt 0:00:07]} 45. Qb5+ {[%emt 0:00:26]} Kc8 {[%emt 0:00:26]} 46. c6 {[%emt 0:00:13]} Bb6 {[%emt 0:00:21]} 47. Bxb6 {[%emt 0:00:10]} axb6 {[%emt 0:00:37]} 48. Qxb6 {[%emt 0:00:14]} Rd4 {[%emt 0:00:07]} 49. Qb7+ {[%emt 0:00:25]} 1-0

[Event "EYCC 2017"]
[Site "Mamaia"]
[Date "2017.09.06"]
[Round "2"]
[White "Ziegenfuss, Antonia"]
[Black "Obada, Ema"]
[Result "1/2-1/2"]
[WhiteElo "1956"]
[BlackElo "1708"]
[Annotator "NA"]
[PlyCount "80"]
[EventDate "2017.??.??"]
[EventType "swiss"]
[EventCountry "ROU"]
[SourceTitle "playchess.com"]
[Source "ChessBase"]
[SourceQuality "1"]
[TimeControl "40/5400+30:1800+30"]

1. d4 {[%emt 0:00:00]} Nf6 {[%emt 0:00:08]} 2. c4 {[%emt 0:00:00]} e6 {[%emt 0:00:06]} 3. Nc3 {[%emt 0:00:00]} Bb4 {[%emt 0:00:08]} 4. Qb3 {[%emt 0:00:00]} Bxc3+ {[%emt 0:07:13]} 5. Qxc3 {[%emt 0:00:01]} d6 {[%emt 0:00:43]} 6. e3 {[%emt 0:02:46]} Nc6 {[%emt 0:04:17]} 7. Bd3 {[%emt 0:02:24]} e5 {[%emt 0:03:17]} 8. d5 {[%emt 0:01:54]} Ne7 {[%emt 0:00:23]} 9. Ne2 {[%emt 0:04:47]} O-O {[%emt 0:08:59]} 10. O-O {[%emt 0:01:01]} Nh5 {[%emt 0:08:33]} 11. f4 {[%emt 0:03:51]} exf4 {[%emt 0:02:21]} 12. Nxf4 {[%emt 0:00:13]} Nxf4 {[%emt 0:00:51]} 13. exf4 {[%emt 0:04:13]} Bf5 {[%emt 0:05:07]} 14. Be2 {[%emt 0:02:37]} Re8 {[%emt 0:06:54]} 15. Bf3 {[%emt 0:00:44]} Qd7 {[%emt 0:00:20]} 16. h3 {[%emt 0:04:43]} Ng6 {[%emt 0:02:03]} 17. g4 {[%emt 0:13:04]} Be4 {[%emt 0:00:13]} 18. f5 {[%emt 0:00:16]} Nf8 {[%emt 0:06:39]} 19. f6 {[%emt 0:02:43]} Ng6 {[%emt 0:14:55]} 20. Be3 h5 {[%emt 0:09:06]} 21. Qd4 {[%emt 0:35:36]} Bxf3 {[%emt 0:03:08]} 22. Rxf3 {[%emt 0:00:09]} Re5 {[%emt 0:00:49]} 23. Raf1 {[%emt 0:04:52]} Rae8 {[%emt 0:03:27]} 24. fxg7 {[%emt 0:02:32]} Re4 {[%emt 0:02:04]} 25. Qc3 {[%emt 0:07:46]} Ne5 {[%emt 0:01:06]} 26. Rf4 {[%emt 0:02:45]} Rxf4 {[%emt 0:00:08]} 27. Rxf4 {[%emt 0:00:43]} hxg4 {[%emt 0:00:14]} 28. hxg4 {[%emt 0:01:19]} Nxg4 {[%emt 0:00:32]} 29. Bd4 {[%emt 0:00:24]} Ne5 {[%emt 0:03:18]} 30. Rh4 {[%emt 0:02:29]} Qe7 {[%emt 0:02:55]} 31. Rh3 {[%emt 0:01:02]} Qg5+ {[%emt 0:01:09]} 32. Rg3 {[%emt 0:00:30]} Qh5 {[%emt 0:00:21]} 33. Rh3 {[%emt 0:00:34]} Qg4+ {[%emt 0:01:25]} 34. Rg3 {[%emt 0:00:18]} Nf3+ {[%emt 0:01:02]} 35. Qxf3 {[%emt 0:00:16]} Qxd4+ {[%emt 0:00:05]} 36. Kg2 {[%emt 0:00:15]} Qd2+ {[%emt 0:00:12]} 37. Kh3 {[%emt 0:00:38]} Qh6+ {[%emt 0:00:08]} 38. Kg2 {[%emt 0:00:38]} Qd2+ {[%emt 0:00:04]} 39. Kh3 {[%emt 0:00:09]} Qh6+ {[%emt 0:00:05]} 40. Kg2 {[%emt 0:00:00]} Qd2+ {[%emt 0:00:04]} 1/2-1/2

[Event "EYCC 2017"]
[Site "Mamaia"]
[Date "2017.09.06"]
[Round "2"]
[White "Gitu, Paula-Alexandra"]
[Black "Olde, Margareth"]
[Result "0-1"]
[WhiteElo "1948"]
[BlackElo "2161"]
[Annotator "NA"]
[PlyCount "109"]
[EventDate "2017.??.??"]
[EventType "swiss"]
[EventCountry "ROU"]
[SourceTitle "playchess.com"]
[Source "ChessBase"]
[SourceQuality "1"]
[TimeControl "40/5400+30:1800+30"]

1. e4 {[%emt 0:00:00]} c5 {[%emt 0:00:06]} 2. Be2 {[%emt 0:00:00]} Nc6 {[%emt 0:00:52]} 3. f4 {[%emt 0:00:00]} d6 {[%emt 0:03:28]} 4. Nf3 {[%emt 0:00:30]} g6 {[%emt 0:03:03]} 5. d3 {[%emt 0:02:18]} Bg7 {[%emt 0:00:45]} 6. c3 {[%emt 0:01:05]} Nf6 {[%emt 0:04:07]} 7. O-O {[%emt 0:01:40]} O-O {[%emt 0:01:18]} 8. Kh1 {[%emt 0:03:14]} Rb8 {[%emt 0:05:10]} 9. Be3 {[%emt 0:06:27]} b5 {[%emt 0:14:17]} 10. Nbd2 {[%emt 0:06:10]} a6 {[%emt 0:04:28]} 11. Nh4 {[%emt 0:14:43]} e6 {[%emt 0:05:33]} 12. Qe1 {[%emt 0:17:41]} Bb7 {[%emt 0:03:10]} 13. Bf3 {[%emt 0:10:04]} Nd7 {[%emt 0:05:37]} 14. g4 {[%emt 0:04:28]} b4 {[%emt 0:06:40]} 15. Rc1 {[%emt 0:14:57]} Nb6 {[%emt 0:03:21]} 16. Nb1 {[%emt 0:00:53]} Na4 {[%emt 0:05:09]} 17. Rc2 {[%emt 0:01:02]} Ba8 {[%emt 0:02:08]} 18. g5 {[%emt 0:02:23]} Ne7 {[%emt 0:10:20]} 19. Qf2 {[%emt 0:03:12]} b3 {[%emt 0:08:18]} 20. axb3 {[%emt 0:07:29]} Rxb3 {[%emt 0:00:05]} 21. Rg1 {[%emt 0:00:27]} f5 {[%emt 0:03:25]} 22. gxf6 {[%emt 0:00:41]} Bxf6 {[%emt 0:00:04]} 23. Bg4 {[%emt 0:00:55]} Qd7 {[%emt 0:04:00]} 24. Nf3 {[%emt 0:00:19]} c4 {[%emt 0:00:49]} 25. Nbd2 {[%emt 0:01:06]} Rxb2 {[%emt 0:03:38]} 26. Nxc4 {[%emt 0:00:05]} Rxc2 {[%emt 0:00:32]} 27. Qxc2 {[%emt 0:00:02]} Kf7 {[%emt 0:02:37]} 28. Nxd6+ {[%emt 0:01:28]} Qxd6 {[%emt 0:00:07]} 29. e5 {[%emt 0:00:36]} Qc6 {[%emt 0:00:58]} 30. exf6 {[%emt 0:00:05]} Nf5 {[%emt 0:00:20]} 31. Bf2 {[%emt 0:00:56]} h5 {[%emt 0:00:48]} 32. Rg2 {[%emt 0:00:31]} Ke8 {[%emt 0:00:44]} 33. Bxf5 {[%emt 0:00:29]} gxf5 {[%emt 0:00:09]} 34. Ne1 {[%emt 0:00:31]} Qb5 {[%emt 0:00:48]} 35. Qe2 {[%emt 0:00:30]} Bxg2+ {[%emt 0:00:31]} 36. Nxg2 {[%emt 0:00:05]} Rxf6 {[%emt 0:00:25]} 37. Qxh5+ {[%emt 0:00:16]} Rf7 {[%emt 0:00:20]} 38. Qh8+ {[%emt 0:00:41]} Rf8 {[%emt 0:00:33]} 39. Qh5+ {[%emt 0:00:59]} Rf7 {[%emt 0:00:03]} 40. Qh8+ {[%emt 0:00:00]} Kd7 {[%emt 0:00:51]} 41. Qd4+ {[%emt 0:03:49]} Kc7 {[%emt 0:04:07]} 42. c4 {[%emt 0:08:32]} Qb1+ {[%emt 0:02:33]} 43. Be1 {[%emt 0:00:18]} Rd7 {[%emt 0:04:19]} 44. Qa7+ {[%emt 0:11:49]} Qb7 {[%emt 0:01:14]} 45. Ba5+ {[%emt 0:01:20]} Kc8 {[%emt 0:00:08]} 46. Qe3 {[%emt 0:00:06]} Qc6 {[%emt 0:01:00]} 47. Kg1 {[%emt 0:03:50]} Nb2 {[%emt 0:01:09]} 48. Ne1 {[%emt 0:00:50]} Rg7+ {[%emt 0:00:54]} 49. Kf1 {[%emt 0:00:04]} Qh1+ {[%emt 0:09:02]} 50. Ke2 {[%emt 0:00:05]} Qxh2+ {[%emt 0:00:11]} 51. Qf2 {[%emt 0:00:07]} Rh7 {[%emt 0:04:14]} 52. Ng2 {[%emt 0:01:19]} Qh5+ {[%emt 0:00:18]} 53. Kd2 {[%emt 0:02:02]} Qd1+ {[%emt 0:00:11]} 54. Kc3 {[%emt 0:00:04]} Na4+ {[%emt 0:01:31]} 55. Kd4 0-1